书目信息 |
| 题名: |
汉语伪定语现象之韵律语法阐释
|
|
| 作者: | 张培翠 , 庄会彬 著 | |
| 分册: | ||
| 出版信息: | 北京 社会科学文献出版社 2019 |
|
| 页数: | 151页 | |
| 开本: | 24cm | |
| 丛书名: | ||
| 单 册: | ||
| 中图分类: | H116.4 | |
| 科图分类: | ||
| 主题词: | 现代汉语--xian dai han yu--韵律(语言)--研究 | |
| 电子资源: | ||
| ISBN: | 978-7-5201-4539-8 | |
| 000 | 01284nam0 2200265 450 | |
| 001 | 2160522739 | |
| 005 | 20210926145320.0 | |
| 010 | @a978-7-5201-4539-8@dCNY69.00 | |
| 100 | @a20191025d2019 em y0chiy50 ea | |
| 101 | 0 | @achi |
| 102 | @aCN@b110000 | |
| 105 | @ay z 001yy | |
| 106 | @ar | |
| 200 | 1 | @a汉语伪定语现象之韵律语法阐释@Ahan yu wei ding yu xian xiang zhi yun lv yu fa chan shi@dFake attributives in mandarin Chinese a prosodic syntax perspective@f张培翠,庄会彬著@zeng |
| 210 | @a北京@c社会科学文献出版社@d2019 | |
| 215 | @a151页@d24cm | |
| 300 | @a教育部人文社会科学研究青年基金项目成果 | |
| 330 | @a本书拟在以往研究的基础上继续探究伪定语现象。本研究的思路如下:在对伪定语界定和分类的基础上,首先展示以往研究的一些漏洞——以往的研究框架无法解释所有伪定语现象,其中的部分未解决现象甚至对其解释造成了威胁。之后,运用冯胜利所倡导的韵律语法理论框架,解决以往研究所遗留的问题。通过更多的理论事实,展示韵律语法已有的核心重音理论的解释力。 | |
| 510 | 1 | @aFake attributives in mandarin Chinese a prosodic syntax perspective@zeng |
| 606 | 0 | @a现代汉语@Axian dai han yu@x韵律(语言)@x研究 |
| 690 | @aH116.4@v5 | |
| 701 | 0 | @a张培翠@Azhang pei cui@4著 |
| 701 | 0 | @a庄会彬@Azhuang hui bin@4著 |
| 801 | 0 | @aCN@b百万庄@c20210926 |
| 905 | @b1300919-922@dH116.4@e124@f4 | |
| 汉语伪定语现象之韵律语法阐释=Fake attributives in mandarin Chinese a prosodic syntax perspective/张培翠,庄会彬著.-北京:社会科学文献出版社,2019 |
| 151页;24cm |
| 教育部人文社会科学研究青年基金项目成果 |
| ISBN 978-7-5201-4539-8:CNY69.00 |
| 本书拟在以往研究的基础上继续探究伪定语现象。本研究的思路如下:在对伪定语界定和分类的基础上,首先展示以往研究的一些漏洞——以往的研究框架无法解释所有伪定语现象,其中的部分未解决现象甚至对其解释造成了威胁。之后,运用冯胜利所倡导的韵律语法理论框架,解决以往研究所遗留的问题。通过更多的理论事实,展示韵律语法已有的核心重音理论的解释力。 |
| ● |
| 相关链接 |
|
|
|
|
正题名:汉语伪定语现象之韵律语法阐释
索取号:H116.4/124
 
预约/预借
| 序号 | 登录号 | 条形码 | 馆藏地/架位号 | 状态 | 备注 |
| 1 | 1300919 | 213009199 | 第二样本阅览室/ [索取号:H116.4/124] | 在馆 | |
| 2 | 1300920 | 213009206 | 第四借阅区/ [索取号:H116.4/124] | 在馆 | |
| 3 | 1300921 | 213009215 | 第四借阅区/ [索取号:H116.4/124] | 在馆 | |
| 4 | 1300922 | 213009224 | 第四借阅区/ [索取号:H116.4/124] | 在馆 |